| 000 | 01540cam a22003857a 4500 | ||
|---|---|---|---|
| 001 | 15666726 | ||
| 003 | OSt | ||
| 005 | 20150408114104.0 | ||
| 008 | 090319s2011 nyua b 001 0 eng d | ||
| 010 | _a 2009925005 | ||
| 020 | _a9781435400771 | ||
| 020 | _a1435400771 | ||
| 035 | _a(OCoLC)ocn430053461 | ||
| 040 |
_aBTCTA _cBTCTA _dOCL _dTMY _dYDXCP _dWS$ _dBWX _dIHI _dCUX _dDLC |
||
| 042 | _alccopycat | ||
| 050 | 0 | 0 |
_aRC440 _b.F75 2011 |
| 082 | 0 | 4 |
_a616.89 _bFNP |
| 100 | 1 |
_aFrisch, Noreen Cavan. _918411 |
|
| 245 | 1 | 0 |
_aPsychiatric mental health nursing / _cNoreen Cavan Frisch, Lawrence E. Frisch. |
| 250 | _a4th ed. | ||
| 260 |
_aClifton Park, NY : _bDelmar, Cengage Learning, _cc2011. |
||
| 300 |
_axlii, 997 p. : _bill. (chiefly col.) ; _c29 cm. + _e1 CD-ROM (4 3/4 in.) |
||
| 504 | _aIncludes bibliographical references and index. | ||
| 650 | 0 | _aPsychiatric nursing. | |
| 650 | 1 | 2 | _aPsychiatric Nursing. |
| 650 | 2 | 2 |
_aMental Disorders _xnursing. _95359 |
| 650 | 2 | 2 |
_aNurse-Patient Relations. _910127 |
| 700 | 1 |
_aFrisch, Lawrence E. _918412 |
|
| 856 | 4 | 2 |
_3Contributor biographical information _uhttp://www.loc.gov/catdir/enhancements/fy1303/2009925005-b.html |
| 856 | 4 | 2 |
_3Publisher description _uhttp://www.loc.gov/catdir/enhancements/fy1303/2009925005-d.html |
| 856 | 4 | 1 |
_3Table of contents only _uhttp://www.loc.gov/catdir/enhancements/fy1303/2009925005-t.html |
| 906 |
_a7 _bcbc _ccopycat _d3 _encip _f20 _gy-gencatlg |
||
| 942 |
_2ddc _cDVD |
||
| 999 |
_c26461 _d260961 |
||